Т. 3; Библиотека томской поэзии и прозы

Detalles Bibliográficos
Parent link:Библиотека томской поэзии и прозы: в 9 т./ Томская областная писательская организация ; под ред. Г. К. Скарлыгина. Т. 3.— , 2019.— 978-5-85905-556-2
Otros Autores: Казаркин А. П. Александр Петрович, Скарлыгин Г. К. Геннадий Кузьмич, Костин В. М. Владимир Михайлович, Анкудинов Г. С. Геннадий Степанович
Lenguaje:ruso
Publicado: 2019
Materias:
Formato: Libro
KOHA link:https://koha.lib.tpu.ru/cgi-bin/koha/opac-detail.pl?biblionumber=344068

MARC

LEADER 00000nam2a2200000 4500
001 344068
005 20231102005626.0
010 |a 9785859055487 
035 |a (RuTPU)RU\TPU\book\375044 
035 |a RU\TPU\book\375043 
090 |a 344068 
100 |a 20191209d2019 m y0rusy50 ca 
101 0 |a rus 
102 |a RU 
105 |a a z 000ay 
200 0 |a Т. 3  |f А. П. Казаркин [и др.] 
210 |d 2019 
215 |a 416 с.  |c ил. 
461 1 |0 (RuTPU)RU\TPU\book\375123  |y 978-5-85905-556-2  |t Библиотека томской поэзии и прозы  |o в 9 т.  |f Томская областная писательская организация ; под ред. Г. К. Скарлыгина  |v Т. 3  |d 2019 
606 1 |a Русская литература современная  |2 stltpush  |3 (RuTPU)RU\TPU\subj\26373  |9 50316 
610 1 |a проза 
610 1 |a поэзия 
610 1 |a Томск 
610 1 |a томские писатели 
610 1 |a пьесы 
675 |a Р2  |v 4 
701 1 |a Казаркин  |b А. П.  |c русский писатель  |f 1941-  |g Александр Петрович  |2 stltpush  |3 (RuTPU)RU\TPU\pers\13161 
701 1 |a Скарлыгин  |b Г. К.  |c поэт  |f 1950-  |g Геннадий Кузьмич  |2 stltpush  |3 (RuTPU)RU\TPU\pers\45661 
701 1 |a Костин  |b В. М.  |c писатель  |f 1955-  |g Владимир Михайлович  |2 stltpush  |3 (RuTPU)RU\TPU\pers\45662 
701 1 |a Анкудинов  |b Г. С.  |c писатель  |f 1955-  |g Геннадий Степанович  |2 stltpush  |3 (RuTPU)RU\TPU\pers\45663 
801 1 |a RU  |b 63413507  |c 20191209 
801 2 |a RU  |b 63413507  |c 20200127  |g RCR 
942 |c BK